Assembly language for x86 processors / (Record no. 19957)
[ view plain ]
| 000 -LEADER | |
|---|---|
| fixed length control field | 01025cam a22002895a 4500 |
| 001 - CONTROL NUMBER | |
| control field | 016773540 |
| 003 - CONTROL NUMBER IDENTIFIER | |
| control field | OSt |
| 005 - DATE AND TIME OF LATEST TRANSACTION | |
| control field | 20160202115935.0 |
| 008 - FIXED-LENGTH DATA ELEMENTS--GENERAL INFORMATION | |
| fixed length control field | 140708t2015 enka fr 001 0 eng d |
| 020 ## - INTERNATIONAL STANDARD BOOK NUMBER | |
| International Standard Book Number | 1292061219 (paperback) |
| 020 ## - INTERNATIONAL STANDARD BOOK NUMBER | |
| International Standard Book Number | 9781292061214 (paperback) |
| 040 ## - CATALOGING SOURCE | |
| Original cataloging agency | Uk |
| Language of cataloging | eng |
| Transcribing agency | Uk |
| Modifying agency | EG-ScBUE |
| 082 04 - DEWEY DECIMAL CLASSIFICATION NUMBER | |
| Edition number | 22 |
| Classification number | 005.265 |
| Item number | IRV |
| 100 1# - MAIN ENTRY--PERSONAL NAME | |
| Personal name | Irvine, Kip R., |
| 9 (RLIN) | 38641 |
| Dates associated with a name | 1951- |
| 245 10 - TITLE STATEMENT | |
| Title | Assembly language for x86 processors / |
| Statement of responsibility, etc | Kip R. Irvin ; contributions by Lyla B. Das. |
| 250 ## - EDITION STATEMENT | |
| Edition statement | 7th ed., Global ed. |
| 260 ## - PUBLICATION, DISTRIBUTION, ETC. (IMPRINT) | |
| Place of publication, distribution, etc | Harlow : |
| Name of publisher, distributor, etc | Pearson Education Limited, |
| Date of publication, distribution, etc | c.2015. |
| 300 ## - PHYSICAL DESCRIPTION | |
| Extent | 712 p. : |
| Other physical details | ill. ; |
| Dimensions | 24 cm. |
| 500 ## - GENERAL NOTE | |
| General note | Index : p. 696-712. |
| 650 #7 - SUBJECT ADDED ENTRY--TOPICAL TERM | |
| Source of heading or term | BUEsh |
| Topical term or geographic name as entry element | Assembly languages (Electronic computers) |
| 9 (RLIN) | 36161 |
| 650 #7 - SUBJECT ADDED ENTRY--TOPICAL TERM | |
| Topical term or geographic name as entry element | IBM microcomputers |
| General subdivision | Programming. |
| Source of heading or term | BUEsh |
| 9 (RLIN) | 17991 |
| 650 ## - SUBJECT ADDED ENTRY--TOPICAL TERM | |
| Topical term or geographic name as entry element | X86 assembly language (Computer program language) |
| Source of heading or term | BUEsh |
| 9 (RLIN) | 39217 |
| 651 ## - SUBJECT ADDED ENTRY--GEOGRAPHIC NAME | |
| Source of heading or term | BUEsh |
| 653 ## - INDEX TERM--UNCONTROLLED | |
| Resource For college | Informatics and Computer Science |
| Arrived date list | June2015 |
| -- | November2015 |
| -- | February2016 |
| 700 1# - ADDED ENTRY--PERSONAL NAME | |
| Personal name | Das, Lyla B., |
| Relator term | Contributor. |
| 942 ## - ADDED ENTRY ELEMENTS (KOHA) | |
| Source of classification or shelving scheme | Dewey Decimal Classification |
| Call number prefix | 005.265 IRV |
| Withdrawn status | Lost status | Source of classification or shelving scheme | Damaged status | Not for loan | Koha collection | Home library | Current library | Shelving location | Date acquired | Source of acquisition | Cost, normal purchase price | Serial Enumeration / chronology | Total Checkouts | Total Renewals | Full call number | Barcode | Date last seen | Date last borrowed | Cost, replacement price | Koha item type | Checked out |
|---|---|---|---|---|---|---|---|---|---|---|---|---|---|---|---|---|---|---|---|---|---|
| Dewey Decimal Classification | Alahram | Central Library | Central Library | Lower Floor | 28/06/2015 | Purchase | 295.00 | 323 | 1 | 10 | 005.265 IRV | 000039121 | 15/07/2025 | 27/10/2020 | 368.75 | Book - Borrowing | |||||
| Dewey Decimal Classification | Baccah | Central Library | Central Library | Lower Floor | 12/08/2015 | Purchase | 394.00 | 21759 | 1 | 13 | 005.265 IRV | 000030789 | 15/03/2026 | 15/03/2026 | 493.00 | Book - Borrowing | 18/05/2026 |